| 000 | 00694nam a2200193 u 4500 | ||
|---|---|---|---|
| 001 | 000533850 | ||
| 003 | AM-YeHGA | ||
| 005 | 20250618072907.0 | ||
| 008 | 070426s1928 ai | |||||||||||||arm|d | ||
| 040 | _aAM-YeHGA | ||
| 041 | 0 | _aarm | |
| 110 | 2 |
_aՀայկական բարեգործական ընդհանուր միութիւն _94893 |
|
| 245 | 1 | 0 | _aԳնահատականներ. |
| 260 |
_aԲարիզ : _bԸնդհանուր տնօրէնութեան հրատ., _c1928. |
||
| 300 |
_a23 էջ ; _c16 սմ. |
||
| 610 | 1 | 4 |
_aՀայկական բարեգործական ընդհանուր միութիւն _94893 |
| 650 | 1 | 4 | _aԲարեգործական ընկերություններ |
| 090 | _c199900 | ||
| 999 |
_c198420 _d198420 |
||